000
00210 a2200097 4500
001
38398
100
_a
Bennett R
245
_a
Managing activities
260
_a
G Br
_b
Kogan Page
_c
1994
090
_c
24384
_d
24384
942
_a
NUST-CAE
_c
M
_c
15985
999
_c
273471
_d
273471